Logo BPK

Biblioteka

Politechniki Koszalińskiej

Problemes de rheologie et de mecanigue des sols : (Rekord nr 27634)

Szczegóły MARC
000 -ETYKIETA REKORDU
podpole kontrolne o stałej długości 00491nam a2200169 i 4500
001 - NUMER KONTROLNY REKORDU
pole kontrolne bg
040 ## - ŹRÓDŁO KATALOGOWANIA
Instytucja, która utworzyła rekord BPK
041 ## - KOD JĘZYKA
Kod języka tekstu pol
080 ## - UNIWERSALNA KLASYFIKACJA DZIESIĘTNA - UKD
UKD 624.1
008 - POLE O STAŁEJ DŁUGOŚCI - DANE KONTROLNE
podpole kontrolne o stałej długości s pl f |000 0 pol
245 #0 - TYTUŁ/ODPOWIEDZIALNOŚĆ
Tytuł Problemes de rheologie et de mecanigue des sols :
Ciąg dalszy tytułu symposium franco-polonais Nice 1974 /
Pozostałe elementy strefy tytułu i oznaczenia odpowiedzialności red. W. K. Nowacki.
260 ## - STREFA ADRESU WYDAWNICZEGO
Miejsce wydania Varsovie :
Nazwa wydawcy/dystrybutora PWN,
Data publikacji, dystrybucji/powstania dokumentu 1977.
490 1# - STREFA SERII I DOKUMENTU WIELOCZĘŚCIOWEGO - FORMA NIE DO WYSZUKIWANIA
Tytuł i oznaczenie odpowiedzialności serii Serie de Mecanique Appliquee
700 1# - HASŁO DODATKOWE - NAZWA OSOBOWA
Nazwa osobowa Nowacki, W. K.
830 ## - HASŁO DODATKOWE SERII LUB DOKUMENTU WIELOCZĘŚCIOWEGO - TYTUŁ UJEDNOLICONY
Tytuł ujednolicony Serie de Mecanique Appliquee
856 ## - LOKALIZACJA I DOSTĘP DO ELEKTRONICZNYCH DOKUMENTÓW ZDALNYCH
Link (URL) http://koha.tu.koszalin.pl/cgi-bin/koha/opac-detail.pl?biblionumber=27634
Tekst linku Katalog online BPK
942 ## - DODATKOWE ELEMENTY (KOHA)
Typ dokumentu Książka
Egzemplarze
Wycofany Status egzemplarza Uszkodzony Dostępność Lokalizacja stała Lokalizacja bieżąca Miejsce przechowywania Sygnatura Kod kreskowy Typ dokumentu
      Dostępny Biblioteka Politechniki Koszalińskiej Biblioteka Politechniki Koszalińskiej Wypożyczalnia BG 22380 01925821 Książka
© 2023 Biblioteka Politechniki Koszalińskiej :: KOHA